000 00976nam a2200193 4500
001 6248
005 20181127181247.0
020 0 0 _a9781844517435
090 0 0 _a398.23 E98c 2007
100 0 0 _aEyres, Kevin.
245 0 0 _aCeltic Myth /
_b
_cKevin Eyres.
_h
260 0 0 _aLondon :
_b Flame Tree Publishing,
_c2007.
300 0 0 _a384 pages ; 17 cm .
440 _aEndless path.
_n
_v
505 _aTara to Camelot: Celtic place and people -- A sprawling collection: Gods, goddesses, heroes -- Battles, voyages and romance: the myths.
_g
_r
_t
520 _aThe ancient Celtic world included Ireland, Wales and parts of Britain, Gaul and Spain, and was united by Celtic language and religion. This book introduces the reader to the fascinating world of Celtic mythology. It teaches about the Celts' myths and beliefs in the context of their native landscape, the pantheon of deities worshipped, and more.
650 0 0 _aMythology, Celtic.
_x
999 _c5283
_d5283